Eurouniálne právne normy na reguláciu mobility a ochranu trhu práce

Riešenie dlhodobého pobytu osôb z tretích krajín v členských štátoch Euroúnie. Rozšírenie schengenského priestoru. Východiská smernice Rady 2003/109/ES. Vybrané ustanovenia eurosmernice. Eurouznesenie o prechodnom režime.

Enregistré dans:
Détails bibliographiques
Auteur principal: Bartl, Jaroslav
Format: Chapitre de livre
Langue:slovaque
Sujets:
Tags: Ajouter un tag
Pas de tags, Soyez le premier à ajouter un tag!

MARC

LEADER 00000naa$a2200000$$$4500
001 0069860
005 20231013071743.3
041 0 |a slo 
044 |a SK 
245 1 0 |a Eurouniálne právne normy na reguláciu mobility a ochranu trhu práce  |c Jaroslav Bartl 
520 |a Riešenie dlhodobého pobytu osôb z tretích krajín v členských štátoch Euroúnie. Rozšírenie schengenského priestoru. Východiská smernice Rady 2003/109/ES. Vybrané ustanovenia eurosmernice. Eurouznesenie o prechodnom režime. 
610 2 0 |a Európska únia 
610 2 0 |a trh práce 
610 2 0 |a smernice 
610 2 0 |a pohyb síl pracovných medzinárodný 
100 1 |a Bartl, Jaroslav